| 000 | 00000nam##2200000za#4500 |
| 001 | 9.693784 |
| 003 | CaOODSP |
| 005 | 20210624233824 |
| 007 | cr ||||||||||| |
| 008 | 150407|2002||||xxc|||||o f|0| 0 eng|d |
| 040 | |aCaOODSP|beng |
| 043 | |an-cn--- |
| 086 | 1 |aNH15-446/2002E-PDF |
| 110 | 2 |aCanada Mortgage and Housing Corporation. |
| 245 | 10|aConsultation on housing renovation programs : |h[electronic resource]|bsummary report |
| 260 | |bCanada Mortgage and Housing Corporation |c2002. |
| 300 | |a39p. |
| 590 | |a11-05-Supp|b2011-03-15 |
| 775 | 08|tConsultation sur les programmes de rénovation : |w(CaOODSP)9.638486 |
| 856 | 40|ahttp://publications.gc.ca|qPDF|s140 KB|uhttps://publications.gc.ca/collections/collection_2011/schl-cmhc/NH15-446-2002-eng.pdf |